Curso de fotografía digital en DVD: animales (Registro nro. 11892)
[ vista simple ]
| 000 -Cabecera | |
|---|---|
| Campo de control de longitud fija | 00762nam a22003017a 4500 |
| 005 - Fecha y hora de la última transacción | |
| Campo de control | 20240812142009.0 |
| 008 - Elementos de longitud fija--Información general | |
| Campo de control de longitud fija | 190507b xxu||||| |||| 00| 0 spa d |
| 020 ## - International Standard Book Number | |
| Número Internacional Estándar del Libro (ISBN) | 97884674033328 |
| 041 ## - Idioma | |
| Código de idioma | Español |
| 082 ## - Clasificación Decimal Dewey | |
| Número de clasificación | 775 C977ca |
| 245 ## - Título propiamente dicho | |
| Título | Curso de fotografía digital en DVD: animales |
| 260 ## - Pie de imprenta | |
| Lugar de publicación, distribución, etc. | Italia |
| 260 ## - Pie de imprenta | |
| Nombre del editor, distribuidor, etc. | Planeta de Agostini |
| 260 ## - Pie de imprenta | |
| Fecha de publicación, distribución, etc. | 2008 |
| 300 ## - Descripción física | |
| Extensión | 14 páginas |
| 440 ## - Declaración de serie/asiento adicional--título | |
| Título de la serie | Curso de fotografía digital en DVD |
| 505 ## - Nota de contenido | |
| Nota de contenido | Contiene DVD N° 452 |
| 650 ## - Materia general | |
| Temática (materia general) | FOTOGRAFÍA |
| 650 ## - Materia general | |
| Temática (materia general) | TÉCNICAS |
| 650 ## - Materia general | |
| Temática (materia general) | LABORATORIO DIGITAL |
| 650 ## - Materia general | |
| Temática (materia general) | FLASH |
| 650 ## - Materia general | |
| Temática (materia general) | MACROFOTOGRAFÍA |
| 650 ## - Materia general | |
| Temática (materia general) | EFECTOS DE LA LUZ |
| 650 ## - Materia general | |
| Temática (materia general) | LUCES DÍA |
| 650 ## - Materia general | |
| Temática (materia general) | CÁMARA LEICA |
| 942 ## - Punto de acceso adicional KOHA | |
| Tipo de ítem KOHA | Libro |
| Fuente del sistema de clasificación o colocación | Dewey Decimal Classification |
| Signatura completa | Código de barras | Programa Académico | Tipo de ítem |
|---|---|---|---|
| 775 C977ca | 24225 | Dirección de Educación Comunitaria y Asistencia Técnica | Libro |
| 770 C977c | 452DVD | DVD |